000 00905nam a2200253 a 4500
999 _c2187
_d2187
008 200218s2019 ii ad||| m|||a00| 0 eng d
040 _aKO
_beng
041 0 _aeng
044 _aii
082 0 4 _223
_a378.242
_bPRM1719
100 1 _aKirubaharan .C, Martin
_eResearcher
245 1 2 _aA Study On Problems And Challenges Of Container Business With Reference To NYK Shipping Line India Ltd, Cochin /
_cMartin Kirubaharan .C ; Guide Dr. Jayan P. A.
260 _aKochi :
_bIndian Maritime University,
_c2019
300 _a79 p. :
_bill., charts ;
_c29 cm.
490 0 _aMBA Project 2017-19 ;
_v1705305019
502 _aProject (MBA)–Indian Maritime University. School of Maritime Management, 2019.
650 0 _aContainer terminals
650 0 _aShipping
655 7 _2lcsh
_aDissertations, Academic
_y2019
700 1 _a P. A., Jayan
_cDr.
_eGuide
904 _aReshma_R
942 _cTH